Continuacion del retrato de los Jesuitas formado al natural por los mas sabios, y mas ilustres catholicos, &c. (Record no. 98878)
[ view plain ]
| 000 -LEADER | |
|---|---|
| campo de control de longitud fija | 01126nam a2200253 i 4500 |
| 001 - NÚMERO DE CONTROL | |
| campo de control | 98878 |
| 003 - IDENTIFICADOR DE NÚMERO DE CONTROL | |
| campo de control | ES-MaACL |
| 005 - FECHA Y HORA DE LA ÚLTIMA TRANSACCIÓN | |
| campo de control | 20250820095204.0 |
| 007 - CAMPO FIJO DE DESCRIPCIÓN FÍSICA--INFORMACIÓN GENERAL | |
| campo de control de longitud fija | t| |
| 008 - DATOS DE LONGITUD FIJA--INFORMACIÓN GENERAL | |
| campo de control de longitud fija | 051028s1768 sp ||||1| spa d |
| 245 00 - MENCIÓN DEL TÍTULO | |
| Título | Continuacion del retrato de los Jesuitas formado al natural por los mas sabios, y mas ilustres catholicos, &c. |
| 250 ## - MENCION DE EDICION | |
| Mención de edición | 2ª imp. |
| 260 ## - PUBLICACIÓN, DISTRIBUCIÓN, ETC. | |
| Lugar de publicación, distribución, etc. | En Madrid : |
| Nombre del editor, distribuidor, etc. | en la Oficina de D. Gabriel Ramirez, |
| Fecha de publicación, distribución, etc. | 1768. |
| 300 ## - DESCRIPCIÓN FÍSICA | |
| Extensión | [2], 145-278, [4] p. ; |
| Dimensiones | 21 cm. |
| 500 ## - NOTA GENERAL | |
| Nota general | Es continuación de Retrato de los jesuitas formado al natural por los mas sabios, y mas ilustres catholicos. |
| 530 ## - NOTA DISPONIBLE DE FORMULARIO FÍSICO ADICIONAL | |
| Nota de formato físico adicional disponible | Disponible en formato digital. |
| 597 ## - NOTA DE DESCRIPCIÓN FÍSICA | |
| NOTA DE DESCRIPCIÓN FÍSICA | Sign.: Aa-Mm4, Nn6. |
| 597 ## - NOTA DE DESCRIPCIÓN FÍSICA | |
| NOTA DE DESCRIPCIÓN FÍSICA | Texto con apostillas marginales. |
| 610 24 - PUNTO DE ACCESO ADICIONAL DE MATERIA--NOMBRE DE ENTIDAD CORPORATIVA | |
| Nombre de entidad corporativa o nombre de jurisdicción como elemento de entrada | Jesuitas- |
| Subdivisión general | Historia |
| 9 (RLIN) | 5353 |
| 852 ## - LOCALIZACIÓN | |
| Ubicación | ES-MaACL |
| Número de control de estantería | R-3362 |
| itemnumber | 102560 |
| Signatura antigua | Olim: G-2645 |
| Nota libre | Cotejado con la relación de obras recuperadas expediente Robo |
| -- | Cambio de signatura. Datos tomados del fichero topográfico R |
| Designación de la unidad física | Vol.2 |
| 856 ## - LOCALIZACIÓN Y ACCESO ELECTRÓNICOS | |
| Identificador Uniforme de Recursos | <a href="http://bdh-rd.bne.es/viewer.vm?id=0000086255&page=1 ">http://bdh-rd.bne.es/viewer.vm?id=0000086255&page=1 </a> |
| Nota pública | Biblioteca Digital Hispánica |
| 942 ## - ELEMENTOS DE ENTRADA SECUNDARIOS (KOHA) | |
| Fuente del sistema de clasificación o colocación | Clasificación decimal universal |
| Estatus retirado | Estado de pérdida | Estado de daño | No para préstamo | Colección | Biblioteca de origen | Biblioteca actual | Ubicación en estantería | Fecha de adquisición | Fuente de adquisición | Total de préstamos | Signatura topográfica completa | Código de barras | Visto por última vez | Precio de reemplazo | Tipo de ítem Koha |
|---|---|---|---|---|---|---|---|---|---|---|---|---|---|---|---|
| Colección digital | Biblioteca del Ateneo de Madrid | Biblioteca del Ateneo de Madrid | Depósito | 17/01/2008 | R-3362 | 1103238 | 23/02/2023 | 23/02/2023 | Libro impreso antiguo |
